Diagnóza a analýza systémů řízení organizací

Guardado en:
Detalles Bibliográficos
Autor principal: Drechsler, Richard
Otros Autores: Dvořák, Vladimír
Formato: Libro
Lenguaje:checo
Publicado: Praha Inst. říz. 1989
Edición:1. vyd.
Etiquetas: Agregar Etiqueta
Sin Etiquetas, Sea el primero en etiquetar este registro!

MARC

LEADER 00000nam a2200000 4500
001 c027366
005 20221215115850.7
041 0 |a cze 
044 |a CZ 
245 1 0 |a Diagnóza a analýza systémů řízení organizací  |c Richard Drechsler, Vladimír Dvořák 
250 |a 1. vyd. 
264 1 |a Praha  |b Inst. říz.  |c 1989 
300 |a 154 s.  |e príl. 
100 1 |a Drechsler, Richard 
700 1 |a Dvořák, Vladimír